| 000 | 00856nam a22002657a 4500 | ||
|---|---|---|---|
| 001 | 5727 | ||
| 003 | FISKH | ||
| 005 | 20250116161241.0 | ||
| 008 | 250116b cb ||||| |||| 00| 0 eng d | ||
| 020 | _a9780753461815 | ||
| 040 |
_aFISKH _beng _cFISKH _dFISKH |
||
| 050 | _aRA653.W35 | ||
| 082 | _a614.4 | ||
| 100 | _aWalker, Richard | ||
| 245 |
_aEpidemics and plagues / _cby Richard Walker |
||
| 250 | _aFirst published in hardcover in 2006 | ||
| 260 |
_aBoston : _bKingfisher ; _c2006. |
||
| 300 |
_a63 pages : _bcolor illustrations ; _c28 cm . |
||
| 490 | _aKingfisher Knowledge | ||
| 520 | _a"Explores the killer diseases that have terrified populations throughout history and around the world"--P. [4] of cover. | ||
| 650 |
_aEpidemics _vJuvenile literature |
||
| 700 |
_aGrady, Denise _eauthor |
||
| 942 |
_2ddc _cBK _n0 |
||
| 999 |
_c5727 _d5727 |
||